000 00534nam a2200133Ia 4500
008 100328s9999 xx 000 0 und d
082 _b17399
100 _aसिंह सत्यदेवनारायण
245 _aदेश विदेश की अनोखी प्रथाएँ
260 _bशिक्षा भारती
630 _aदेश विदेश की अनोखी प्रथाएँ
730 _aदेश विदेश की अनोखी प्रथाएँ
942 _cBOOK
999 _c511976
_d511973